00787 a2200205 45000010006000000050017000060080041000230030015000640400040000790800104001192450072002230200018002952640034003133000039003475050040003860410008004261000022004347000037004568560088004932705020260407155547.0260407a1999 arg spa dAR-UNSa-BCEJYS aAR-UNSa-BCEJYSbspacAR-UNSa-BCEJYS a347.736xQuiebra. Insolvencia. Suspensión de pagos. Bancarrota, procedimientos. Derecho Concursal10aPractica Concursalpguias y modelos para la actuación profesional a950-739-649-7 1aBuenos Aires :bErreparc1999 a2 v.(xvi, 556; vi, 1267p.)c22 cm. aTomo I: Concurso - Tomo II: Quiebra aspa1 aD`Angelo, Armando1 aFavier Dubois, Eduardo Mario (h)41uhttps://170.210.207.44/pmb/images/libros/L117457.jpgyImagen de portadaqimage/jpeg